banner-ar

HISTORY OF TWENTIETH CENTUREY FASHION / (Record no. 24743)

MARC details
000 -الفاتح
حقل البيانات ثابتة الطول 00476nam a2200181Ia 4500
008 - عناصر البيانات ثابتة الطول - معلومات عامة
حقل البيانات ثابتة الطول 140319s9999 xx 000 0 eng d
040 ## - مصدر الفهرسة
وكالة الفهرسة الأصلية GCL /
وكالة النسخ GCL
082 04 - رقم تصنيف ديوى العشرى
رقم التصنيف 746.92
رقم المادة E H
100 1# - المدخل الرئيسى - إسم شخصى
الإسم الشخصى EWING, ELIZABETH
245 10 - بيان العنوان
العنوان HISTORY OF TWENTIETH CENTUREY FASHION /
بيان المسئوليه,etc EWING, ELIZABETH
260 ## - PUBLICATION, DISTRIBUTION, ETC. (IMPRINT)
تاريخ النشر أو التوزيع 1992
300 ## - الوصف المادى
التعداد 300
650 04 - المدخل الاضافى بالموضوع-مصطلح موضوعى
مصطلح موضوعي COSTUMES
650 04 - المدخل الاضافى بالموضوع-مصطلح موضوعى
مصطلح موضوعي FASHION
650 04 - المدخل الاضافى بالموضوع-مصطلح موضوعى
مصطلح موضوعي TWENTIETH CENTURY FASHION
942 ## - عناصر المدخل الإضافي( كوها)
مصدر التصنيف او مخطط الترفيف Dewey Decimal Classification
Koha [default] item type كتاب
260 ## - PUBLICATION, DISTRIBUTION, ETC. (IMPRINT)
-- [S.N] :
-- B.T.BATSFORD LTD ،
Holdings
حالة التراجع حالة الفقد حالة تلف ليس للاعارة المكان المؤقت الموقع الحالى تاريخ الاكتساب اجمالي اﻻعارات رقم الطلب الباركود تاريخ اخر مشاهدة تاريخ تفعيل السعر نوع وعاء كوها
        مكتبة القاهرة الكبرى مكتبة القاهرة الكبرى 03/26/2014   746.92\E H 43817 03/26/2014 03/26/2014 كتاب

Powered By

EGPV